Idea jedného národa

Príspevok pojednáva o problematike integrácie Severnej a Južnej Kórei. Politická ideológia Severnej Kórei. Rozdielnosť názorov v Južnej Kórei na severokórejskú politiku a spoločnosť a národné zjednotenie. Rozdiely v ekonomikách Severnej a Južnej Kórei.

Salvato in:
Dettagli Bibliografici
Autore principale: Vilčák, Peter
Natura: Capitolo di libro
Lingua:slovacco
Soggetti:
Tags: Aggiungi Tag
Nessun Tag, puoi essere il primo ad aggiungerne!!

MARC

LEADER 00000naa$a2200000$$$4500
001 0034763
005 20240502071446.0
041 0 |a slo 
044 |a SK 
245 1 0 |a Idea jedného národa  |c Peter Vilčák 
520 |a Príspevok pojednáva o problematike integrácie Severnej a Južnej Kórei. Politická ideológia Severnej Kórei. Rozdielnosť názorov v Južnej Kórei na severokórejskú politiku a spoločnosť a národné zjednotenie. Rozdiely v ekonomikách Severnej a Južnej Kórei. 
610 2 0 |a Kórea 
610 2 0 |a integrácia 
610 2 0 |a politika 
610 2 0 |a ekonomika regionálna 
100 1 |a Vilčák, Peter